Aventuras y desventuras de un trotamundos de la poesía : (Record no. 183043)

MARC details
000 -LEADER
campo de control de longitud fija 00900nam a2200205 i 4500
001 - NÚMERO DE CONTROL
campo de control 183043
003 - IDENTIFICADOR DE NÚMERO DE CONTROL
campo de control ES-MaACL
005 - FECHA Y HORA DE LA ÚLTIMA TRANSACCIÓN
campo de control 20250629054749.0
008 - DATOS DE LONGITUD FIJA--INFORMACIÓN GENERAL
campo de control de longitud fija 140114s2009 sp a | |||||||| | spa d
080 ## - NÚMERO DE LA CLASIFICACIÓN DECIMAL UNIVERSAL
Número de la Clasificación Decimal Universal 821.134.2 Fernández Muriedas, Pío (082.2)
100 1# - ENTRADA PRINCIPAL--NOMBRE DE PERSONA
Nombre de persona Madariaga de la Campa, Benito.
9 (RLIN) 75296
245 10 - MENCIÓN DEL TÍTULO
Título Aventuras y desventuras de un trotamundos de la poesía :
Resto del título recuerdo y homenaje a Pío Fernández Muriedas /
Mención de responsabilidad, etc. Benito Madariaga de la Campa.
260 ## - PUBLICACIÓN, DISTRIBUCIÓN, ETC.
Lugar de publicación, distribución, etc. Santander :
Nombre del editor, distribuidor, etc. Consejería de Cultura, Turismo y Deporte del Gobierno de Cantabria,
Fecha de publicación, distribución, etc. 2009.
300 ## - DESCRIPCIÓN FÍSICA
Extensión 90 p. :
Otras características físicas il. ;
Dimensiones 23 x 24 cm.
600 17 - PUNTO DE ACCESO ADICIONAL DE MATERIA--NOMBRE DE PERSONA
Nombre de persona Fernández Muriedas, Pío,
Fechas asociadas al nombre 1903-1992
Fuente del encabezamiento o término
9 (RLIN) 154162
852 ## - LOCALIZACIÓN
Ubicación ES-MaACL
Número de control de estantería A-12981
itemnumber 189976
Sublocalización o colección R.149768
Ubicación en estantería Depósito 1
Signatura antigua Olim: N-5981
Encuadernación Donación: Real Academia Española
914 ## - NOMBRE ENTIDAD DE DONANTE
RLIN 6336
Nombre de congreso/reunión o jurisdicción como elemento de entrada Real Academia Española
Unidad subordinada Donante
942 ## - ELEMENTOS DE ENTRADA SECUNDARIOS (KOHA)
Fuente del sistema de clasificación o colocación Clasificación decimal universal
Tipo de ítem Koha Libro impreso
Holdings
Estatus retirado Estado de pérdida Fuente del sistema de clasificación o colocación Estado de daño No para préstamo Biblioteca de origen Biblioteca actual Ubicación en estantería Fecha de adquisición Fuente de adquisición Total de préstamos Signatura topográfica completa Código de barras Visto por última vez Precio de reemplazo Tipo de ítem Koha
    Clasificación decimal universal     Biblioteca del Ateneo de Madrid Biblioteca del Ateneo de Madrid Sala Pecera Depósito 1 14/01/2014 Donación   A-12981 1192382 23/02/2023 23/02/2023 Libro impreso